| 000 | 005320000a22001810004500 | ||
|---|---|---|---|
| 003 | MACL | ||
| 005 | 20160322121814.0 | ||
| 008 | 160322b xxu||||| |||| 00| 0 eng d | ||
| 040 |
_aMACL _cMACL |
||
| 041 | _aHindi | ||
| 082 | _a900 | ||
| 100 |
_aदेसाअी महादेव हरिभाअी _947191 |
||
| 245 | _aअेक धर्मयुद्ध | ||
| 260 |
_bनवजीवन प्रकाशन _aअहमदाबाद |
||
| 350 | _a.75 | ||
| 650 |
_aHistory _948007 |
||
| 942 |
_cHIN _k331.88 _2ddc |
||
| 999 |
_c23076 _d23076 |
||